000
00186 a2200097 4500
001
10947
100
_a
Shaw, M.
245
_a
Dynamics
260
_a
_b
Tata Hill
_c
090
_c
8516
_d
8516
942
_a
NUST-CAE
_c
M
_c
35285
999
_c
246020
_d
246020